| 000 | 01028nam a22002897a 4500 | ||
|---|---|---|---|
| 005 | 20101227112619.0 | ||
| 008 | 101227t xxu||||| |||| 00| 0 eng d | ||
| 010 | _aENG-101868 | ||
| 020 |
_a9780071072991 _c375.00 |
||
| 020 |
_a0071072993 _c375.00 |
||
| 035 | _aEN-85401 | ||
| 037 | _bDBAD/PUB | ||
| 040 |
_adpl _bEng |
||
| 082 | _a158.3 | ||
| 100 |
_925104 _aMorrall, Peter |
||
| 245 |
_aThe trouble with therapy : _cby Peter Morrall _bsociology and psychotherapy / |
||
| 260 |
_aNew Delhi _bTata McGraw Hill _c2010 |
||
| 270 |
_a7 West Patel Nagar _bNew Delhi _e110008 |
||
| 300 |
_aix, 253 p. _c23cm (pbk) |
||
| 500 | _aIncludes bibliographical references and index. | ||
| 650 |
_aCounseling _925107 _xSocial aspects. |
||
| 650 |
_aPsychotherapy _925108 _xSocial aspects. |
||
| 650 | _925109 | ||
| 700 | _925105 | ||
| 942 |
_2ddc _cEN _h158.3 _mMOR |
||
| 999 |
_c49527 _d49527 |
||